Compêndio de história universal: aprovado... para os 4º e 5º anos dos liceus

Salvato in:
Dettagli Bibliografici
Autore principale: Matoso, António G.
Natura: Sconosciuto
Lingua:portoghese
Pubblicazione: Lisboa Liv. Sá da Costa imp. 1943
Catalogo:MANES:  Risultati della ricerca del catalogo della biblioteca
Libro di testo Classificazione:
Tags: Aggiungi Tag
Nessun Tag, puoi essere il primo ad aggiungerne!!
Aggiunto a:2016-04-26
Cambiato in:2025-04-25

MARC

LEADER 000000000a22000000004500
001 33183
003 OSt
005 20250425111641.0
008 160427s1943 po 00| 0 por d
041 |a por 
043 |a Portugal 
561 |5 pt-BNP  |a Portugal. Biblioteca Nacional de Portugal  |k MANES 
691 |a SE 
100 1 |a Matoso, António G.  |9 17214 
245 0 0 |a Compêndio de história universal: aprovado... para os 4º e 5º anos dos liceus 
260 3 |a Lisboa  |b Liv. Sá da Costa  |c imp. 1943 
300 |a 511 p., [1] f. desdobr.;  |c 20 cm 
690 |a HI 
942 |2 ddc  |c BK 
546 |a Portugal 
999 |c 37021  |d 37021 
999 |c manes:37021  |d 37021